000 00572nam a2200205Ia 4500
005 20250923144943.0
008 008 250917s9999 xx 000 0 eng d
037 _aTextual
040 _aDSWL
_beng
_cDSWL
041 _aeng
_2eng
084 _aY13:7:7z7, K4
_qDSWL
100 _aHendriks, G.
_9830211
245 0 _aCommunity organization
_cby G. Hendriks
260 _aNetherlands
_bMinistry of Social Work
_c1964
300 _a90 p.
365 _aINR
_b20
925 _g20
942 _cTEXL
_hY13:7:7z7, K4
999 _c1445339
_d1445339